2023-24 NFL PLAYOFF TEAMS - Statistics

General Stats
  • This quiz has been taken 428 times
  • The average score is 11 of 14
Answer Stats
Hint Answer % Correct
1 SEED (13-4) Baltimore Ravens
96%
3 SEED (11-6) Kansas City Chiefs
96%
1 SEED (12-5) San Francisco 49ers
87%
2 SEED (11-6) Buffalo Bills
86%
2 SEED (12-5) Dallas Cowboys
81%
4 SEED (10-7) Houston Texans
78%
3 SEED (12-5) Detroit Lions
77%
7 SEED (9-8) Green Bay Packers
72%
5 SEED (11-6) Philadelphia Eagles
72%
6 SEED (11-6) Miami Dolphins
71%
4 SEED (9-8) Tampa Bay Buccaneers
70%
7 SEED (10-7) Pittsburgh Steelers
69%
5 SEED (11-6) Cleveland Browns
65%
6 SEED (10-7) Los Angeles Rams
51%
No matching quizzes found
Score Distribution
Percent of People with Each Score
Percentile by Number Answered
Your Score History
You have not taken this quiz